Diccionario Filosófico
| Main Authors: | , |
|---|---|
| Format: | Section = Libro |
| Language: | Undetermined Spanish |
| Published: |
[s.l.]
Limusa/Noriega
2007
|
| Subjects: |
| LEADER | 00496nam a2200193Ia 4500 | ||
|---|---|---|---|
| 008 | 240830s9999 xx 000 0 und d | ||
| 020 | |a 978-968-18-4739-5 | ||
| 040 | |a B-ESTELÍ- RUACS / Ref 109 E99 | ||
| 041 | |a spa | ||
| 082 | |a Ref 109 E99 | ||
| 100 | 1 | |a Ezcurdia, Hijar | |
| 100 | 1 | |b Chávez, Calderón | |
| 245 | 1 | 0 | |a Diccionario Filosófico |
| 260 | |a [s.l.] |b Limusa/Noriega |c 2007 | ||
| 300 | |a 231 p. | ||
| 650 | 7 | |a DICCIONARIO - FILOSOFIA | |
| 942 | |c BK |2 ddc | ||
| 991 | |a TEXTO | ||
| 999 | |c 11714 | ||